| 000 | 00395nam a22001577a 4500 | ||
|---|---|---|---|
| 003 | OSt | ||
| 008 | 250410b |||||||| |||| 00| 0 eng d | ||
| 020 | _a9788119613311 | ||
| 082 | _a615.1 GAP | ||
| 100 | _aGahlot, Vinod | ||
| 245 | _aPharmacology I (Exam Success companion) | ||
| 260 |
_aN.Delhi _bI.P Inovative Pub. _c2024 |
||
| 300 | _axi,202 | ||
| 650 | _aPharmacology-I | ||
| 942 |
_2ddc _cBK |
||
| 999 |
_c13264 _d13264 |
||